Mythologie de la Grèce antique (Registro nro. 87399)

Detalles MARC
000 -ENCABEZADO
Número de control [NR] 00618nam a22002057a 4500
008 - DE LONGITUD FIJA DE DATOS DE ELEMENTOS - INFORMACIÓN GENERAL
Elementos de longitud fija [NR] 130821s1884 fr gr fre
040 ## - FUENTE DE CATALOGACION [NR]
Agencia de catalogación original [NR] Co-BoUCM
Idioma de catalogación [NR] spa
041 00 - CODIGO DE IDIOMA [R]
Código de idioma para texto/pista de sonido o título separado [R] Francés
100 ## - ASIENTO PRINCIPAL--NOMBRE PERSONAL [NR]
Nombre personal [NR] Decharme, P.
ID Autoridad 150464
245 00 - MENCION DE TITULO [NR]
Título [NR] Mythologie de la Grèce antique
Mención de responsabilidad, etc. [NR] P. Decharme
250 ## - MENCION DE EDICION [NR]
Mención de edición [NR] 4a. ed
260 ## - PUBLICACION, DISTRIBUCION, ETC. (PIE DE IMPRENTA) [R]
Lugar de publicación, distribución, etc. [R] París (Francia)
Nombre del editor, distribuidor, etc. [R] Ed. Garnier Freres
Fecha de publicación, distribución, etc. [R] 1884
300 ## - DESCRIPCION FISICA [R]
Extensión [R] 693 páginas
650 04 - ASIENTO SECUNDARIO DE MATERIA - TERMINO TEMATICO [R]
Término temático o nombre geográfico como elemento de entrada [NR] Dioses
9 (RLIN) 13300
650 04 - ASIENTO SECUNDARIO DE MATERIA - TERMINO TEMATICO [R]
Término temático o nombre geográfico como elemento de entrada [NR] Dioses
Subdivisión geográfica [R] Grecia
9 (RLIN) 13300
650 04 - ASIENTO SECUNDARIO DE MATERIA - TERMINO TEMATICO [R]
Término temático o nombre geográfico como elemento de entrada [NR] Mitología griega
9 (RLIN) 19635
651 ## - ASIENTO SECUNDARIO DE MATERIA - NOMBRE GEOGRAFICO [R]
Nombre geográfico [NR] Grecia
9 (RLIN) 26986
942 ## - ELEMENTOS DE ENTRADA AGREGADOS (KOHA)
Tipo de ítem principal el descrito en 300a Libro
Tema principal Religión
Edición 4
Parte restante de la signatura top. D32
Título oculto en OPAC No
Sistema de clasificación DEWEY
Clasificación 292.08
Existencias
Signatura topográfica Código de barras Última vez visto Volúmen / Fascículo Ejemplar Price effective from Tipo de ítem Perdido Sistema de clasificación Dañado No prestable Tipo de ítem específico Suprimido Ubicación habitual Ubicación actual Localización Fecha de creación Forma de adquisición Costo
FCS 292.08 D32 120000610 06/07/2012 4A. ED. Ej.1 03/02/2013 Libro   DEWEY     Fondos especiales     Archivo Histórico Archivo histórico 28/02/2003 Donación 1000.00